Адаптатиция зарубежных CAD-программ технологического проектирования к качественным нормам и стандартам; Нефтяное хозяйство; № 3

Λεπτομέρειες βιβλιογραφικής εγγραφής
Parent link:Нефтяное хозяйство: научно-технический производственный журнал.— , 1925-1940, 1946-.— 0028-2448
№ 3.— 2004.— С. 64-65
Κύριος συγγραφέας: Кружинов А. Ю.
Γλώσσα:Ρωσικά
Έκδοση: 2004
Σειρά:Информационные технологии
Θέματα:
Μορφή: Κεφάλαιο βιβλίου
KOHA link:https://koha.lib.tpu.ru/cgi-bin/koha/opac-detail.pl?biblionumber=392417

MARC

LEADER 00000naa2a2200000 4500
001 392417
005 20231101064249.0
035 |a (RuTPU)RU\TPU\prd\27732 
090 |a 392417 
100 |a 20040910a2004 k y0rusy50 ca 
101 0 |a rus 
102 |a RU 
200 1 |a Адаптатиция зарубежных CAD-программ технологического проектирования к качественным нормам и стандартам  |f А. Ю. Кружинов 
225 1 |a Информационные технологии 
461 1 |0 (RuTPU)RU\TPU\prd\1638  |x 0028-2448  |t Нефтяное хозяйство  |o научно-технический производственный журнал  |d 1925-1940, 1946- 
463 1 |0 (RuTPU)RU\TPU\prd\25410  |t № 3  |v С. 64-65  |d 2004 
610 1 |a CAD-программы 
610 1 |a технологическое проектирование 
610 1 |a отечественные нормы 
610 1 |a стандарты 
610 1 |a адаптация 
610 1 |a нефтегазовые комплексы 
610 1 |a проектирование 
675 |a 681.518  |v 3 
700 1 |a Кружинов  |b А. Ю. 
801 1 |a RU  |b 63413507  |c 20040910  |g PSBO 
801 2 |a RU  |b 63413507  |c 20131028  |g RCR 
942 |c BK